GR1 Incoterms - Estadísticas

Estadísticas generales
  • Esta prueba ha sido intentada 20 veces
  • La puntuación promedio es 4 de 11
Estadísticas de respuestas
Hint Respuesta % Correcto
EXW Ex Works
88%
CIP Carriage and insurance paid to
50%
CPT Carriage Paid To
38%
DAP Delivered at place
38%
DPU Delivered at place unloaded
25%
DDP Delivered Duty Paid
25%
FCA Free Carrier
25%
FOB Free on Board
25%
CFR Cost and Freight
13%
CIF Cost, Insurance and Freight
13%
FAS Free Alongside Ship
13%
No se encontraron pruebas coincidentes
Distribución de puntuación
Porcentaje de gente con cada puntuación
Porcentaje por número respondido
Historial de tus puntuaciones
No has intentado esta prueba.